English in Mind.Class Cassettes / (Record no. 12894)
[ view plain ]
| 000 -LEADER | |
|---|---|
| fixed length control field | 00439nam a22001217a 4500 |
| 008 - FIXED-LENGTH DATA ELEMENTS--GENERAL INFORMATION | |
| fixed length control field | 091112t xxu||||| |||| 00| 0 eng d |
| 020 ## - INTERNATIONAL STANDARD BOOK NUMBER | |
| International Standard Book Number | 0521750628 |
| 082 ## - DEWEY DECIMAL CLASSIFICATION NUMBER | |
| Edition number | 22 |
| Classification number | 428.24 |
| Item number | PUC |
| 245 ## - TITLE STATEMENT | |
| Title | English in Mind.Class Cassettes / |
| Statement of responsibility, etc | Herbert Puchta and Jeff Stranks |
| 260 ## - PUBLICATION, DISTRIBUTION, ETC. (IMPRINT) | |
| Place of publication, distribution, etc | Cambridge, UK : |
| Name of publisher, distributor, etc | Cambridge University Press, 2004 |
| Date of publication, distribution, etc | 2004 |
| 300 ## - PHYSICAL DESCRIPTION | |
| Extent | 1 sound cassette (70 min., 26 sec.) : |
| Other physical details | 3 3/4 ips, mono. ; |
| Dimensions | 7 1/4 x 3 1/2 in. |
| 942 ## - ADDED ENTRY ELEMENTS (KOHA) | |
| Source of classification or shelving scheme | Dewey Decimal Classification |
| Item type | Cassette (NB) |
| Withdrawn status | Lost status | Source of classification or shelving scheme | Damaged status | Not for loan | Koha collection | Location (home branch) | Sublocation or collection (holding branch) | Shelving location | Date acquired | Source of acquisition | Koha issues (times borrowed) | Koha full call number | Piece designation (barcode) | Koha date last seen | Koha date last borrowed | Price effective from | Koha item type | Public note |
|---|---|---|---|---|---|---|---|---|---|---|---|---|---|---|---|---|---|---|
| Dewey Decimal Classification | Baccah | Central Library | Central Library | Second Floor | 12/11/2009 | 1 | 428.24 PUC | 000018665 | 24/08/2022 | 19/11/2009 | 12/11/2009 | Cassette (NB) | Cassette 1 | |||||
| Dewey Decimal Classification | Baccah | Central Library | Central Library | Second Floor | 12/11/2009 | 1 | 428.24 PUC | 000018664 | 24/08/2022 | 06/12/2009 | 12/11/2009 | Cassette (NB) | Cassette 2 | |||||
| Dewey Decimal Classification | Baccah | Central Library | Central Library | Second Floor | 12/11/2009 | 1 | 428.24 PUC | 000018667 | 24/08/2022 | 06/12/2009 | 12/11/2009 | Cassette (NB) | Cassette 1 | |||||
| Dewey Decimal Classification | Baccah | Central Library | Central Library | Second Floor | 12/11/2009 | 1 | 428.24 PUC | 000018666 | 24/08/2022 | 07/12/2009 | 12/11/2009 | Cassette (NB) | ||||||
| Dewey Decimal Classification | Baccah | Central Library | Central Library | Second Floor | 12/11/2009 | 1 | 428.24 PUC | 000018636 | 24/08/2022 | 07/12/2009 | 12/11/2009 | Cassette (NB) | ||||||
| Dewey Decimal Classification | Baccah | Central Library | Central Library | Second Floor | 12/11/2009 | 1 | 428.24 PUC | 000018662 | 24/08/2022 | 19/11/2009 | 12/11/2009 | Cassette (NB) |